000 00755nam a22002057a 4500
005 20241010062522.0
999 _c16447
_d16447
008 220214b ||||| |||| 00| 0 eng d
020 _a978-6-214-18095-0 (paperback)
082 _22020
_aDFil 338.4791
_bOs59
100 _aOsorno, Rene D.,
_c[Author]
_939823
245 _aEntrepreneurship in tourism & hospitality /
_cRene D. Osorno, Grayfield T. Bajao.
260 _aQuezon City :
_bWiseman's Books Trading, Inc.,
_c[2020]
300 _a70 pages ;
_c26 cm.
500 _aIncludes bibliographical references.
650 _aTourism -- Management.
_968
650 _aHospitality industry -- Management.
_911012
650 _aEntrepreneurship.
_943927
700 _aBajao, Grayfield T., author.
_943874
942 _2ddc
_cDFIL